Biblioteka Instytutu Północnego w Olsztynie

Mały podręcznik Arcybractwa Straży Honorowej Najsłodszego Serca Pana Jezusa. (Rekord nr 27464)

Szczegóły MARC
000 -Nagłówek
fixed length control field 01591cam a2200445 i 4500
001 - Nr kontrolny bibl., która utworzyła rek.
control field xx005917243
003 - Siglum bibl., której nr kontr. jest w 001
control field NUKAT
005 - Data i czas ostatniej operacji
control field 20260407215931.0
008 - Elementy pola stałej długości
fixed length control field 260407s1914 xx a |000 0 pol c
035 ## - Systemowy numer kontrolny
systemowy numer kontrolny (NUKAT)xx005917243
040 ## - Instytucja sporządzająca opis
Instytucja, która sporządziła opis OLSZT 008/AL
język katalgowania-trzyzn. kod pol
zasady opisu rda
Instytucja, która sporządziła rekord OLSZT 008/AL
Instytucja, która zmodyfikowała rekord OLSZT 008/AL
041 1# - Kod nazwy języka dokumentu
Język tekstu pol
Language code of original ger
046 ## - Kod rodz. daty, data1, data2 (daty pne)
Begin/single date 1914
245 00 - Tytuł właściwy i oznaczenie odpow.
tytuł Mały podręcznik Arcybractwa Straży Honorowej Najsłodszego Serca Pana Jezusa.
250 ## - Oznaczenie wydania
oznaczenie wydania Wydanie drugie.
260 ## - Adres wydawniczy
miejsce wydania, dystrybucji itp. [Miejsce nieznane] :
nazwa wydawcy, dystrybutora itp. [wydawca nieznany],
data wydania, dystrybucji itp. 1914.
300 ## - Opis fizyczny
objętość i/lub forma materiału 90, [5] stron :
inne szczegóły opisu fizycznego ilustracje ;
format 15 cm.
336 ## - Content Type
Term Tekst
Code txt
Source rdacontent
337 ## - Media Type
Term Bez urządzenia pośredniczącego
Code n
Source rdamedia
338 ## - Carrier Type
Term Wolumin
Code nc
Source rdacarrier
380 ## - Form of work
Form of work Książki
380 ## - Form of work
Form of work Publikacje religijne
388 1# - TIME PERIOD OF CREATION
Time period of creation term 1901-2000
388 1# - TIME PERIOD OF CREATION
Time period of creation term 1901-1914
500 ## - Uwaga ogólna
uwaga ogólna U góry strony tytułowej: Niech żyje Jezus!
500 ## - Uwaga ogólna
uwaga ogólna Na stronie tytułowej: Z aprobatą biskupią.
500 ## - Uwaga ogólna
uwaga ogólna Rok wydania według imprimatur.
546 ## - Uwaga o języku opisywanego materiału
uwaga o języku Przekład z języka niemieckiego.
600 07 - Hasło przedmiotowe-nazwa osobowa
nazwa osobowa Jezus Chrystus
źródło hasła DBN
9 (RLIN) 36603
650 #7 - Hasło przedmiotowe-nazwa pospolita
nazwa pospolita lub geogr. Bractwa religijne
źródło hasła DBN
9 (RLIN) 39603
650 #7 - Hasło przedmiotowe-nazwa pospolita
nazwa pospolita lub geogr. Duchowość katolicka
źródło hasła DBN
9 (RLIN) 37278
650 #7 - Hasło przedmiotowe-nazwa pospolita
nazwa pospolita lub geogr. Katolicyzm
źródło hasła DBN
9 (RLIN) 35191
650 #7 - Hasło przedmiotowe-nazwa pospolita
nazwa pospolita lub geogr. Kult
źródło hasła DBN
9 (RLIN) 39604
650 #7 - Hasło przedmiotowe-nazwa pospolita
nazwa pospolita lub geogr. Serce Jezusa
źródło hasła DBN
9 (RLIN) 39605
650 #7 - Hasło przedmiotowe-nazwa pospolita
nazwa pospolita lub geogr. Najświętsze Serce Jezusa
określnik formy modlitewniki.
źródło hasła kaba
9 (RLIN) 39606
655 #7 - Termin określający rodzaj/formę
rodzaj/forma Modlitewnik
źródło terminu DBN
9 (RLIN) 36203
658 ## - Nazwa określająca cel programu nauczania
główny cel programu nauczania Religia i duchowość
710 2# - Hasło dodatkowe - nazwa ciała zbior.
nazwa ciała zbior. lub nazwa geogr. Arcybractwo Straży Honorowej Najświętszego Serca Pana Jezusa.
rodzaj współpracy Instytucja sprawcza
9 (RLIN) 39607
942 ## - ADDED ENTRY ELEMENTS (KOHA)
Source of classification or shelving scheme Dewey Decimal Classification
Koha item type pozycje dostępne na miejscu
Egzemplarze
Status wycofania Status zagubienia Klasyfikacja Status uszkodzenia Blokada wypożyczeń Kolekcja Lokalizacja macierzysta Lokalizacja bieżąca Data nabycia Numer akcesji Źródło akcesji Nr inwentarzowy il. wypożyczeń Sygnatura Kod kreskowy Date last seen Price effective from Typ egz.
    Dewey Decimal Classification nieuszkodzona   Pracownia Badań Księgozbiorów Historycznych Biblioteka Instytutu Północnego w Olsztynie Pracownia Badań Księgozbiorów Historycznych 07/04/2026 K-55/1970 kupno 14252   14252 IPWK22106 07/04/2026 07/04/2026 pozycje dostępne na miejscu
Biblioteka Instytutu Północnego, ul. Partyzantów 87, 10-402 Olsztyn, email: biblioteka(at)ip.olsztyn.pl